[Event "CAN-op"]
[Site "Edmonton CAN"]
[Date "2005.07.16"]
[Round "9"]
[White "Chi, Megan"]
[Black "Raymer, Evan"]
[Result "0-1"]
[WhiteElo "1502"]
[BlackElo "1681"]
[PlyCount "54"]
[GameId "2160767910902102"]
[EventDate "2005.07.09"]
[EventType "swiss"]
[EventRounds "10"]
[EventCountry "CAN"]
[SourceTitle "CBM 107 Extra"]
[Source "ChessBase"]
[SourceDate "2005.09.01"]
[SourceVersion "1"]
[SourceVersionDate "2005.09.01"]
[SourceQuality "1"]

1. d4 Nf6 2. c4 g6 3. Nc3 d5 4. Bf4 Bg7 5. Bd2 O-O 6. e3 c5 7. Nf3 cxd4 8. Nxd4 e5 9. Nf3 d4 10. Nb5 a6 11. Na3 Nc6 12. Qc2 Bf5 13. Qb3 Qd6 14. g3 Nd7 15. Bg2 Nc5 16. Qd1 Nd3+ 17. Ke2 e4 18. Ne1 dxe3 19. Rb1 exd2 20. Qxd2 Qd4 21. Rf1 Bg4+ 22. f3 exf3+ 23. Nxf3 Qe4+ 24. Kd1 Nxb2+ 25. Kc1 Nd3+ 26. Kd1 Rad8 27. Qe2 Nf4+ 0-1

[Event "CAN-op"]
[Site "Edmonton CAN"]
[Date "2005.07.16"]
[Round "9"]
[White "Conner, Kris"]
[Black "Lauritson, Jim"]
[Result "0-1"]
[WhiteElo "1586"]
[BlackElo "1910"]
[PlyCount "70"]
[GameId "2160767910902103"]
[EventDate "2005.07.09"]
[EventType "swiss"]
[EventRounds "10"]
[EventCountry "CAN"]
[SourceTitle "CBM 107 Extra"]
[Source "ChessBase"]
[SourceDate "2005.09.01"]
[SourceVersion "1"]
[SourceVersionDate "2005.09.01"]
[SourceQuality "1"]

1. e4 c5 2. Nf3 e6 3. d4 cxd4 4. Nxd4 Nf6 5. Nc3 d6 6. Be3 a6 7. f3 b5 8. Qd2 Bb7 9. g4 Be7 10. O-O-O Nfd7 11. Bd3 Ne5 12. Kb1 Nbc6 13. Nce2 Qa5 14. c3 Nxd3 15. Qxd3 Ne5 16. Qc2 O-O 17. g5 Rac8 18. f4 Nc4 19. Bc1 b4 20. f5 e5 21. Nb3 Qb6 22. Qd3 Rfd8 23. cxb4 d5 24. Qg3 Bxb4 25. Rhg1 dxe4 26. Rxd8+ Rxd8 27. g6 hxg6 28. fxg6 Qxg6 29. Qh4 Qd6 30. Bh6 g6 31. Bg5 Qd3+ 32. Ka1 Qxe2 33. Bc1 Rd1 34. Rxg6+ fxg6 35. Qh6 Qxb2# 0-1

[Event "CAN-op"]
[Site "Edmonton CAN"]
[Date "2005.07.16"]
[Round "9"]
[White "Corsmeier, Tom"]
[Black "Longson, Stan"]
[Result "1-0"]
[WhiteElo "1598"]
[BlackElo "1322"]
[PlyCount "45"]
[GameId "2160767910902104"]
[EventDate "2005.07.09"]
[EventType "swiss"]
[EventRounds "10"]
[EventCountry "CAN"]
[SourceTitle "CBM 107 Extra"]
[Source "ChessBase"]
[SourceDate "2005.09.01"]
[SourceVersion "1"]
[SourceVersionDate "2005.09.01"]
[SourceQuality "1"]

1. e4 e5 2. Nf3 Nc6 3. d4 exd4 4. c3 dxc3 5. Nxc3 a6 6. Bc4 Be7 7. Qb3 Na5 8. Bxf7+ Kf8 9. Qd5 Nf6 10. Qxa5 b6 11. Qf5 d6 12. Be6 g6 13. Bh6+ Ke8 14. Qh3 Nh5 15. Nd5 Bxe6 16. Qxe6 Qd7 17. Nd4 Qxe6 18. Nxe6 Kd7 19. Nexc7 Rac8 20. Nxa6 Bd8 21. O-O Rc4 22. f3 Nf6 23. Bg7 1-0

[Event "CAN-op"]
[Site "Edmonton CAN"]
[Date "2005.07.16"]
[Round "9"]
[White "Culjaga, Nikolai"]
[Black "Panjwani, Dilip"]
[Result "1-0"]
[WhiteElo "1927"]
[BlackElo "1662"]
[PlyCount "69"]
[GameId "2160767910902105"]
[EventDate "2005.07.09"]
[EventType "swiss"]
[EventRounds "10"]
[EventCountry "CAN"]

1. e4 c5 2. Nf3 Nc6 3. d4 cxd4 4. Nxd4 g6 5. c3 Bg7 6. Bc4 Nf6 7. Nf3 Nxe4 8. Bxf7+ Kxf7 9. Qd5+ e6 10. Qxe4 Rf8 11. h4 d5 12. Qc2 e5 13. h5 Bf5 14. hxg6+ hxg6 15. Qa4 Rh8 16. Rg1 Bh6 17. Bxh6 Rxh6 18. Nbd2 e4 19. Nd4 Qb6 20. N2b3 Rah8 21. O-O-O Ne5 22. Nxf5 gxf5 23. Rxd5 Qxf2 24. Rgd1 Nd3+ 25. R5xd3 exd3 26. Qd7+ Kg6 27. Qd6+ Kg5 28. Qe7+ Kg4 29. Qg7+ Kf4 30. g3+ Ke3 31. Qe5+ Kf3 32. Rxd3+ Kg2 33. Rd2 Rh1+ 34. Kc2 Rf1 35. Qxh8 1-0

[Event "CAN-op"]
[Site "Edmonton CAN"]
[Date "2005.07.16"]
[Round "9"]
[White "Deimert, Elroy"]
[Black "Sagert, David"]
[Result "0-1"]
[WhiteElo "1666"]
[BlackElo "1810"]
[PlyCount "128"]
[GameId "2160767910902106"]
[EventDate "2005.07.09"]
[EventType "swiss"]
[EventRounds "10"]
[EventCountry "CAN"]
[SourceTitle "CBM 107 Extra"]
[Source "ChessBase"]
[SourceDate "2005.09.01"]
[SourceVersion "1"]
[SourceVersionDate "2005.09.01"]
[SourceQuality "1"]

1. e4 d6 2. d4 Nf6 3. Nc3 g6 4. Bc4 Bg7 5. Nf3 O-O 6. Be3 Nxe4 7. Nxe4 d5 8. Bxd5 Qxd5 9. Nc3 Qd8 10. Qd2 Bg4 11. O-O-O c6 12. h3 Bxf3 13. gxf3 Nd7 14. Bh6 Nf6 15. Bxg7 Kxg7 16. h4 Nh5 17. Ne4 e6 18. Rdg1 Qd5 19. b3 Rad8 20. c3 b6 21. Rg5 f5 22. Rhg1 Nf6 23. h5 Nxe4 24. fxe4 Qxe4 25. hxg6 h6 26. Rh5 f4 27. Re5 Qxe5 28. dxe5 Rxd2 29. Kxd2 Rf5 30. Ke2 Rxe5+ 31. Kf3 Rg5 32. Rd1 Kxg6 33. Kxf4 Rd5 34. Rg1+ Kf7 35. Ke3 b5 36. Rh1 Kg7 37. f4 a6 38. Rg1+ Kh7 39. Rc1 h5 40. Rg1 h4 41. Rg5 Rf5 42. Rg4 Rh5 43. Rg5 Rxg5 44. fxg5 Kg6 45. Kf4 h3 46. Kg3 Kxg5 47. Kxh3 Kf4 48. Kg2 Ke3 49. Kf1 Kd2 50. Kf2 e5 51. Kf3 Kd3 52. Kf2 e4 53. Ke1 Kxc3 54. Ke2 Kd4 55. Kd2 c5 56. a3 c4 57. bxc4 bxc4 58. a4 a5 59. Kd1 Kd3 60. Ke1 e3 61. Kd1 c3 62. Kc1 e2 63. Kb1 e1=Q+ 64. Ka2 Qd2+ 0-1

[Event "CAN-op"]
[Site "Edmonton CAN"]
[Date "2005.07.16"]
[Round "9"]
[White "Dewindt, Cor"]
[Black "Greber, Carter"]
[Result "1/2-1/2"]
[WhiteElo "1414"]
[BlackElo "1265"]
[PlyCount "56"]
[GameId "2160767910902107"]
[EventDate "2005.07.09"]
[EventType "swiss"]
[EventRounds "10"]
[EventCountry "CAN"]
[SourceTitle "CBM 107 Extra"]
[Source "ChessBase"]
[SourceDate "2005.09.01"]
[SourceVersion "1"]
[SourceVersionDate "2005.09.01"]
[SourceQuality "1"]

1. Nf3 d5 2. d4 Nc6 3. Nc3 Nf6 4. e3 Bg4 5. Be2 e6 6. h3 Bxf3 7. Bxf3 Bd6 8. a3 O-O 9. O-O e5 10. dxe5 Nxe5 11. Nxd5 Nxf3+ 12. Qxf3 Nxd5 13. Bd2 b6 14. Rfd1 Nf6 15. Bc3 Qe7 16. Rd4 Be5 17. Rd3 Bxc3 18. Rxc3 Rad8 19. Qb7 Nd5 20. Rd3 Nf6 21. Qxa7 Rxd3 22. cxd3 Rc8 23. Rc1 Qd8 24. Qb7 c5 25. Rc4 Rb8 26. Qa7 Ra8 27. Qb7 Rb8 28. Qa7 Ra8 1/2-1/2

[Event "CAN-op"]
[Site "Edmonton CAN"]
[Date "2005.07.16"]
[Round "9"]
[White "Dzieciolowski, Piotr"]
[Black "Laboucane, Randy"]
[Result "1-0"]
[WhiteElo "1686"]
[BlackElo "1626"]
[PlyCount "71"]
[GameId "2160767910902108"]
[EventDate "2005.07.09"]
[EventType "swiss"]
[EventRounds "10"]
[EventCountry "CAN"]
[SourceTitle "CBM 107 Extra"]
[Source "ChessBase"]
[SourceDate "2005.09.01"]
[SourceVersion "1"]
[SourceVersionDate "2005.09.01"]
[SourceQuality "1"]

1. e4 c5 2. Nf3 d6 3. d4 cxd4 4. Nxd4 Nf6 5. Nc3 a6 6. Be2 e6 7. O-O Qc7 8. Be3 Bd7 9. f4 Nc6 10. Nb3 b5 11. a3 Be7 12. Bf3 Rc8 13. Qd2 O-O 14. Rad1 Rfd8 15. Bf2 Na5 16. Nxa5 Qxa5 17. Qe3 d5 18. e5 Bc5 19. Qd2 Bxf2+ 20. Rxf2 Ne8 21. Ne2 Qc7 22. Nd4 g6 23. h4 h5 24. g4 hxg4 25. Bxg4 Ng7 26. Rg2 Kf8 27. Qd3 Ke7 28. Qg3 Nf5 29. Bxf5 exf5 30. Qg5+ Ke8 31. h5 Qb6 32. h6 Be6 33. Qf6 Kd7 34. Rxg6 Rg8 35. Rg7 Qd8 36. Qxe6+ 1-0

[Event "CAN-op"]
[Site "Edmonton CAN"]
[Date "2005.07.16"]
[Round "9"]
[White "Fairbairn, Stephen"]
[Black "Goodman, Kevin"]
[Result "1-0"]
[WhiteElo "2022"]
[BlackElo "1740"]
[PlyCount "139"]
[GameId "2160767910902109"]
[EventDate "2005.07.09"]
[EventType "swiss"]
[EventRounds "10"]
[EventCountry "CAN"]
[SourceTitle "CBM 107 Extra"]
[Source "ChessBase"]
[SourceDate "2005.09.01"]
[SourceVersion "1"]
[SourceVersionDate "2005.09.01"]
[SourceQuality "1"]

1. c4 e6 2. Nc3 Nf6 3. d4 d5 4. Bg5 Be7 5. e3 c6 6. cxd5 exd5 7. Qc2 b6 8. Nf3 Nbd7 9. Be2 Bb7 10. O-O O-O 11. Rab1 c5 12. dxc5 Nxc5 13. Rfd1 Rc8 14. Qf5 Nce4 15. Nxe4 Nxe4 16. Bxe7 Qxe7 17. Nd4 Rfd8 18. Bd3 Rd6 19. Bxe4 dxe4 20. Rbc1 Rxc1 21. Rxc1 a6 22. Qf4 Rd8 23. h3 Rc8 24. Rxc8+ Bxc8 25. Qb8 Qb7 26. Qe5 g6 27. Qd6 Bd7 28. Kh2 h6 29. h4 b5 30. b4 Be8 31. Nb3 Qc6 32. Qxc6 Bxc6 33. Nc5 Bd5 34. a3 Kf8 35. Nxa6 Ke7 36. Kg3 g5 37. hxg5 hxg5 38. Nc5 f5 39. a4 bxa4 40. Nxa4 Kd6 41. Nc3 Bc6 42. Kh2 Ke5 43. g3 f4 44. gxf4+ gxf4 45. Kh3 Bb7 46. Kg4 Bc8+ 47. Kg5 fxe3 48. fxe3 Bb7 49. Kg6 Ke6 50. Kg7 Ke7 51. Ne2 Bc8 52. Nd4 Kd6 53. Kf6 Kd5 54. b5 Kc5 55. Ke5 Bb7 56. Nf5 Ba8 57. Nd6 Kb6 58. Kd4 Kc7 59. Kc5 Kb8 60. b6 Bb7 61. Nxb7 Kxb7 62. Kb5 Kb8 63. Kc6 Kc8 64. Kd5 Kb7 65. Kxe4 Kxb6 66. Ke5 Kc7 67. Ke6 Kd8 68. e4 Ke8 69. e5 Kd8 70. Kf7 1-0

[Event "CAN-op"]
[Site "Edmonton CAN"]
[Date "2005.07.16"]
[Round "9"]
[White "Gentes, Kevin"]
[Black "Tegzes, Laszlo"]
[Result "1-0"]
[WhiteElo "2331"]
[BlackElo "2109"]
[PlyCount "143"]
[GameId "2160767910902111"]
[EventDate "2005.07.09"]
[EventType "swiss"]
[EventRounds "10"]
[EventCountry "CAN"]
[SourceTitle "CBM 107 Extra"]
[Source "ChessBase"]
[SourceDate "2005.09.01"]
[SourceVersion "1"]
[SourceVersionDate "2005.09.01"]
[SourceQuality "1"]

1. e4 c5 2. Nf3 e6 3. d4 cxd4 4. Nxd4 Nf6 5. Nc3 Nc6 6. Nxc6 bxc6 7. e5 Nd5 8. Ne4 f5 9. exf6 Nxf6 10. Nd6+ Bxd6 11. Qxd6 Qe7 12. Bf4 Qxd6 13. Bxd6 a5 14. Bd3 Ba6 15. c4 Kf7 16. O-O Rac8 17. Rfe1 Ne8 18. Bf4 d5 19. Rac1 Nf6 20. Bf1 Bb7 21. c5 h5 22. h4 Ra8 23. g3 Ba6 24. Bh3 Rhe8 25. f3 Bd3 26. Rc3 Bf5 27. Bf1 d4 28. Rc4 Nd7 29. Rxd4 e5 30. Bc4+ Kf8 31. Rxd7 Bxd7 32. Bxe5 g6 33. f4 Be6 34. Bxe6 Rxe6 35. Rd1 Ke7 36. a4 Ra7 37. Kf2 Rb7 38. Bc3 Re4 39. Rd6 Re6 40. Rd4 Ra7 41. Kf3 Ra8 42. g4 hxg4+ 43. Kxg4 Rb8 44. Kg5 Rh8 45. Bxa5 Rh5+ 46. Kg4 Re2 47. b4 Ra2 48. Bd8+ Ke8 49. Bg5 Rh7 50. b5 Rd7 51. Re4+ Kf7 52. h5 gxh5+ 53. Kxh5 Rh2+ 54. Kg4 Rg2+ 55. Kf3 Rc2 56. Rb4 Kg6 57. b6 Rdd2 58. Bh4 Kf5 59. Rb3 Rh2 60. Bg3 Rh8 61. a5 Ra2 62. b7 Rb8 63. Be1 Ra4 64. Bd2 Ra2 65. Bc3 Rd8 66. Be5 Rxa5 67. b8=Q Rxb8 68. Rxb8 Rxc5 69. Rf8+ Ke6 70. Rf6+ Kd5 71. Rd6+ Kc4 72. Ke4 1-0

[Event "CAN-op"]
[Site "Edmonton CAN"]
[Date "2005.07.16"]
[Round "9"]
[White "Gillanders, Robert"]
[Black "Aird, Ian"]
[Result "0-1"]
[WhiteElo "1765"]
[BlackElo "2070"]
[PlyCount "82"]
[GameId "2160767910902112"]
[EventDate "2005.07.09"]
[EventType "swiss"]
[EventRounds "10"]
[EventCountry "CAN"]
[SourceTitle "CBM 107 Extra"]
[Source "ChessBase"]
[SourceDate "2005.09.01"]
[SourceVersion "1"]
[SourceVersionDate "2005.09.01"]
[SourceQuality "1"]

1. d4 f5 2. c4 Nf6 3. Nc3 e6 4. Nf3 Bb4 5. a3 Bxc3+ 6. bxc3 b6 7. e3 O-O 8. Bd3 Bb7 9. O-O Qe8 10. Ne1 d6 11. f3 Nbd7 12. Qe2 Qh5 13. Ra2 e5 14. e4 f4 15. g3 g5 16. g4 Qg6 17. Qg2 h5 18. gxh5 Qxh5 19. Kh1 Kf7 20. Rg1 Rg8 21. c5 Rg7 22. cxd6 cxd6 23. Bc4+ Ke7 24. Nd3 Rc8 25. dxe5 Rxc4 26. exf6+ Nxf6 27. Nxf4 Qf7 28. Nd5+ Nxd5 29. exd5 Bxd5 30. Bxg5+ Kd7 31. Rf2 Rxc3 32. Qg4+ Qe6 33. Qa4+ Kc8 34. Qf4 Rf7 35. Qd4 Rfxf3 36. Rfg2 Rfd3 37. Qh8+ Kb7 38. Qg7+ Ka6 39. Bd2 Rxd2 40. Qxc3 Bxg2+ 41. Rxg2 Rd1+ 0-1

[Event "CAN-op"]
[Site "Edmonton CAN"]
[Date "2005.07.16"]
[Round "9"]
[White "Gluckie, Jamin"]
[Black "Longo, Tyler"]
[Result "1-0"]
[WhiteElo "1907"]
[BlackElo "1733"]
[PlyCount "55"]
[GameId "2160767910902113"]
[EventDate "2005.07.09"]
[EventType "swiss"]
[EventRounds "10"]
[EventCountry "CAN"]
[SourceTitle "CBM 107 Extra"]
[Source "ChessBase"]
[SourceDate "2005.09.01"]
[SourceVersion "1"]
[SourceVersionDate "2005.09.01"]
[SourceQuality "1"]

1. d4 d5 2. c4 dxc4 3. Nf3 Nf6 4. e3 e6 5. Bxc4 c5 6. Qe2 a6 7. dxc5 Bxc5 8. e4 Nc6 9. O-O b5 10. Bb3 Qb6 11. Nc3 Bb7 12. e5 Nd7 13. Rd1 Nd4 14. Nxd4 Bxd4 15. Bf4 h5 16. Bc2 Bxc3 17. bxc3 Qc6 18. f3 Qxc3 19. Rac1 Qc5+ 20. Kh1 Qe7 21. Be4 Bxe4 22. Qxe4 Rd8 23. Rc7 g5 24. Be3 f5 25. Qc6 f4 26. Bc1 Rh7 27. Rd6 Rh6 28. Ba3 1-0

[Event "CAN-op"]
[Site "Edmonton CAN"]
[Date "2005.07.16"]
[Round "9"]
[White "Gokhale, Anupama"]
[Black "Mulyar, Michael"]
[Result "1/2-1/2"]
[WhiteElo "2243"]
[BlackElo "2422"]
[PlyCount "94"]
[GameId "2160767910902114"]
[EventDate "2005.07.09"]
[EventType "swiss"]
[EventRounds "10"]
[EventCountry "CAN"]
[SourceTitle "CBM 107 Extra"]
[Source "ChessBase"]
[SourceDate "2005.09.01"]
[SourceVersion "1"]
[SourceVersionDate "2005.09.01"]
[SourceQuality "1"]

1. d4 d5 2. Nf3 Nf6 3. c4 c6 4. e3 a6 5. Nc3 b5 6. c5 Nbd7 7. Be2 Qc7 8. b3 e5 9. Bb2 e4 10. Nd2 g6 11. b4 Bh6 12. a4 Rb8 13. Qc2 O-O 14. a5 Ne8 15. O-O-O f5 16. g3 Ndf6 17. Rdg1 Ng7 18. Nd1 Bd7 19. Kb1 Rbe8 20. Bc1 Re7 21. h3 Ne6 22. Nf1 Rff7 23. Ka2 Kf8 24. f4 exf3 25. Bxf3 Ng5 26. Bg2 Nge4 27. Bxe4 dxe4 28. Nc3 Be6+ 29. Ka3 Bg5 30. Ne2 Kg8 31. Nf4 Bc8 32. Nd2 Bh6 33. Nb3 g5 34. d5 cxd5 35. Ne2 Bg7 36. Nbd4 Nd7 37. Nc3 Bb7 38. c6 Bxd4 39. Nxd5 Qxc6 40. Nxe7+ Rxe7 41. Qxc6 Bxc6 42. exd4 e3 43. Rh2 Nf6 44. Rf1 Nd5 45. Rxf5 e2 46. Rxg5+ Kh8 47. Bd2 Re3+ 1/2-1/2

[Event "CAN-op"]
[Site "Edmonton CAN"]
[Date "2005.07.16"]
[Round "9"]
[White "Gorelik, Lev"]
[Black "Taylor, William"]
[Result "1/2-1/2"]
[WhiteElo "2147"]
[BlackElo "1900"]
[PlyCount "41"]
[GameId "2160767910902115"]
[EventDate "2005.07.09"]
[EventType "swiss"]
[EventRounds "10"]
[EventCountry "CAN"]
[SourceTitle "CBM 107 Extra"]
[Source "ChessBase"]
[SourceDate "2005.09.01"]
[SourceVersion "1"]
[SourceVersionDate "2005.09.01"]
[SourceQuality "1"]

1. e4 Nf6 2. e5 Nd5 3. Nc3 Nxc3 4. bxc3 d6 5. exd6 exd6 6. Nf3 Bg4 7. Be2 Be7 8. O-O O-O 9. Nd4 Bxe2 10. Nxe2 Bf6 11. Rb1 b6 12. Bb2 g6 13. c4 c5 14. Nc3 Nd7 15. Nd5 Bxb2 16. Rxb2 Nf6 17. Qf3 Nxd5 18. Qxd5 Re8 19. Rb3 Re5 20. Qb7 Re7 21. Qd5 1/2-1/2

[Event "CAN-op"]
[Site "Edmonton CAN"]
[Date "2005.07.16"]
[Round "9"]
[White "Grumic, Sasha"]
[Black "Daniluk, Jim"]
[Result "1-0"]
[WhiteElo "2087"]
[BlackElo "1969"]
[PlyCount "75"]
[GameId "2160767910902116"]
[EventDate "2005.07.09"]
[EventType "swiss"]
[EventRounds "10"]
[EventCountry "CAN"]
[SourceTitle "CBM 107 Extra"]
[Source "ChessBase"]
[SourceDate "2005.09.01"]
[SourceVersion "1"]
[SourceVersionDate "2005.09.01"]
[SourceQuality "1"]

1. Nf3 d5 2. d3 g6 3. g3 Bg7 4. Bg2 Nf6 5. O-O O-O 6. c3 Nbd7 7. Nbd2 e5 8. e4 c6 9. Qc2 Re8 10. Rd1 Qb6 11. h3 a5 12. Nf1 Nh5 13. Be3 d4 14. cxd4 exd4 15. Bd2 Ne5 16. Ne1 Be6 17. f4 Nd7 18. g4 Nhf6 19. f5 gxf5 20. gxf5 Bxf5 21. exf5 Re5 22. Nf3 Rc5 23. Qb1 Rb5 24. Bc1 Nd5 25. Re1 a4 26. Qc2 Nb4 27. Qe2 h6 28. Ng3 Nc5 29. f6 Ncxd3 30. Qe8+ Rxe8 31. Rxe8+ Bf8 32. Bxh6 Kh7 33. Bxf8 Nf4 34. Bg7 d3+ 35. Kh2 Ng6 36. h4 Qc7 37. Ng5+ Rxg5 38. hxg5 1-0

[Event "CAN-op"]
[Site "Edmonton CAN"]
[Date "2005.07.16"]
[Round "9"]
[White "Haessel, Dale"]
[Black "Sasata, Robert"]
[Result "1/2-1/2"]
[WhiteElo "2230"]
[BlackElo "2323"]
[PlyCount "36"]
[GameId "2160767910902117"]
[EventDate "2005.07.09"]
[EventType "swiss"]
[EventRounds "10"]
[EventCountry "CAN"]
[SourceTitle "CBM 107 Extra"]
[Source "ChessBase"]
[SourceDate "2005.09.01"]
[SourceVersion "1"]
[SourceVersionDate "2005.09.01"]
[SourceQuality "1"]

1. c4 Nf6 2. g3 e6 3. Bg2 d5 4. Nf3 Be7 5. O-O O-O 6. d4 dxc4 7. Qc2 a6 8. a4 Bd7 9. Ne5 Bc6 10. Nxc6 Nxc6 11. e3 Nd5 12. Qxc4 Na5 13. Qc2 c5 14. dxc5 Rc8 15. Nc3 Nb4 16. Qe2 Bxc5 17. Rd1 Qb6 18. Bd2 Nb3 1/2-1/2

[Event "CAN-op"]
[Site "Edmonton CAN"]
[Date "2005.07.16"]
[Round "9"]
[White "Hagan, Jeff"]
[Black "Lawson, Bianca"]
[Result "1-0"]
[WhiteElo "1538"]
[BlackElo "1327"]
[PlyCount "115"]
[GameId "2160767910902118"]
[EventDate "2005.07.09"]
[EventType "swiss"]
[EventRounds "10"]
[EventCountry "CAN"]
[SourceTitle "CBM 107 Extra"]
[Source "ChessBase"]
[SourceDate "2005.09.01"]
[SourceVersion "1"]
[SourceVersionDate "2005.09.01"]
[SourceQuality "1"]

1. d4 d5 2. c4 c6 3. cxd5 cxd5 4. Nf3 Nf6 5. Nc3 Nc6 6. Bg5 Bg4 7. e3 e6 8. Qb3 Rb8 9. Ne5 Bh5 10. g4 Bg6 11. Bb5 Be7 12. Bxf6 Bxf6 13. Nxc6 bxc6 14. Bxc6+ Kf8 15. Qa3+ Be7 16. Qxa7 Rxb2 17. O-O f5 18. Rfb1 Rxb1+ 19. Rxb1 Kf7 20. g5 h6 21. h4 hxg5 22. hxg5 Qd6 23. Bb5 Qh2+ 24. Kf1 Qh1+ 25. Ke2 Qh5+ 26. Kd2 Qxg5 27. Rf1 Rh2 28. Ne2 Kf6 29. Nf4 Bb4+ 30. Kd1 Bh5+ 31. Be2 Bxe2+ 32. Kxe2 Qg4+ 33. Kd3 Rxf2 34. Nxd5+ exd5 35. Qb6+ Kf7 36. Qb7+ Ke6 37. Qc6+ Ke7 38. Qc7+ Ke6 39. Qe5+ Kd7 40. Qxd5+ Ke7 41. Qb7+ Ke6 42. Qc6+ Ke7 43. Qc7+ Ke8 44. Qe5+ Kd7 45. Rxf2 Qd1+ 46. Kc4 Qc1+ 47. Kb5 Be7 48. Qxf5+ Ke8 49. Qf7+ Kd7 50. Qd5+ Kc7 51. Qc4+ Qxc4+ 52. Kxc4 Bg5 53. Rf7+ Kd6 54. e4 Bh6 55. Kd3 Ke6 56. Rf1 g5 57. a4 Kd7 58. Rf6 1-0

[Event "CAN-op"]
[Site "Edmonton CAN"]
[Date "2005.07.16"]
[Round "9"]
[White "Hendon, Lee"]
[Black "Wang, Hao Yuan"]
[Result "1-0"]
[WhiteElo "1544"]
[BlackElo "1271"]
[PlyCount "51"]
[GameId "2160767910902120"]
[EventDate "2005.07.09"]
[EventType "swiss"]
[EventRounds "10"]
[EventCountry "CAN"]
[SourceTitle "CBM 107 Extra"]
[Source "ChessBase"]
[SourceDate "2005.09.01"]
[SourceVersion "1"]
[SourceVersionDate "2005.09.01"]
[SourceQuality "1"]

1. e4 e5 2. Nf3 d6 3. d4 exd4 4. Nxd4 h6 5. Nc3 Nf6 6. Bc4 c6 7. O-O b5 8. Bd3 b4 9. Nce2 c5 10. Nf3 Nc6 11. Bf4 Bb7 12. e5 Nd5 13. Bg3 a6 14. Re1 Nc7 15. exd6 Bxd6 16. Nf4+ Ne7 17. Bc4 Qd7 18. Nd5 Ncxd5 19. Bxd5 Bxg3 20. Bxb7 Bxf2+ 21. Kxf2 Qxb7 22. Qd6 Rd8 23. Qxc5 Rc8 24. Rxe7+ Qxe7 25. Qxc8+ Qd8 26. Re1+ 1-0

[Event "CAN-op"]
[Site "Edmonton CAN"]
[Date "2005.07.16"]
[Round "9"]
[White "Henry, Liam"]
[Black "Karmali, Hafiz"]
[Result "1-0"]
[WhiteElo "2062"]
[BlackElo "1867"]
[PlyCount "55"]
[GameId "2160767910902121"]
[EventDate "2005.07.09"]
[EventType "swiss"]
[EventRounds "10"]
[EventCountry "CAN"]
[SourceTitle "CBM 107 Extra"]
[Source "ChessBase"]
[SourceDate "2005.09.01"]
[SourceVersion "1"]
[SourceVersionDate "2005.09.01"]
[SourceQuality "1"]

1. e4 e6 2. d4 d5 3. Bd3 c5 4. c3 Nc6 5. Ne2 dxe4 6. Bxe4 Bd7 7. O-O Nf6 8. Bf3 Qb6 9. b3 cxd4 10. cxd4 Nb4 11. Nbc3 Bc6 12. Bxc6+ Qxc6 13. Bg5 Nbd5 14. Rc1 Qd7 15. Qd3 Ba3 16. Rcd1 Rc8 17. Bxf6 gxf6 18. Nxd5 Qxd5 19. Nc3 Qd7 20. d5 Bb4 21. Ne4 Be7 22. d6 Bd8 23. Qd4 O-O 24. Rd3 e5 25. Qe3 f5 26. Nc5 Qb5 27. Qh6 f4 28. Rh3 1-0

[Event "CAN-op"]
[Site "Edmonton CAN"]
[Date "2005.07.16"]
[Round "9"]
[White "Henson, Joshua"]
[Black "Lawson, Jonathan"]
[Result "0-1"]
[WhiteElo "2221"]
[BlackElo "1782"]
[PlyCount "80"]
[GameId "2160767910902122"]
[EventDate "2005.07.09"]
[EventType "swiss"]
[EventRounds "10"]
[EventCountry "CAN"]
[SourceTitle "CBM 107 Extra"]
[Source "ChessBase"]
[SourceDate "2005.09.01"]
[SourceVersion "1"]
[SourceVersionDate "2005.09.01"]
[SourceQuality "1"]

1. e4 e5 2. Nf3 Nc6 3. Bb5 Bc5 4. O-O Nd4 5. b4 Nxf3+ 6. Qxf3 Bxb4 7. Qg3 c6 8. Qxe5+ Be7 9. Bc4 Nf6 10. Ba3 d6 11. Qg3 O-O 12. Nc3 b5 13. Bd3 a5 14. Bb2 Re8 15. Rae1 Ba6 16. f4 Qb6+ 17. Kh1 b4 18. Nd1 Bxd3 19. Qxd3 d5 20. e5 Ne4 21. Qe2 Bh4 22. d3 Bxe1 23. Qxe1 Nc3 24. Ne3 d4 25. Nf5 c5 26. Qh4 Ra7 27. Nd6 Qd8 28. Qg3 Re6 29. f5 Rh6 30. f6 Rg6 31. Qf4 gxf6 32. Bxc3 fxe5 33. Qxe5 Qxd6 34. Qe8+ Qf8 35. Qxf8+ Kxf8 36. Bd2 Re7 37. Rf2 Rge6 38. g3 Re2 39. Kg2 Rxf2+ 40. Kxf2 Re6 0-1

[Event "CAN-op"]
[Site "Edmonton CAN"]
[Date "2005.07.16"]
[Round "9"]
[White "Hill, Roderick"]
[Black "Lacroix, Peter"]
[Result "1-0"]
[WhiteElo "1904"]
[BlackElo "1688"]
[PlyCount "79"]
[GameId "2160767910902123"]
[EventDate "2005.07.09"]
[EventType "swiss"]
[EventRounds "10"]
[EventCountry "CAN"]

1. e4 c6 2. Nc3 d5 3. Nf3 dxe4 4. Nxe4 Bf5 5. Ng3 Bg6 6. h4 h6 7. Ne5 Bh7 8. Qh5 g6 9. Bc4 e6 10. Qe2 Qe7 11. d4 Bg7 12. Bf4 Nd7 13. O-O-O Ngf6 14. Qd2 h5 15. Bg5 O-O 16. Qe2 Qe8 17. Ne4 Nxe4 18. Qxe4 Nb6 19. Bd3 f6 20. Nf3 fxg5 21. hxg5 Rf5 22. g4 hxg4 23. Qxg4 Qd7 24. Bxf5 exf5 25. Qh4 Bh8 26. Rde1 Qc7 27. Re6 Nd5 28. c4 Qf4+ 29. Qxf4 Nxf4 30. Re7 Nh5 31. Rxb7 Re8 32. Kd2 Re4 33. Rb8+ Kg7 34. Rb7+ Kg8 35. Rd7 Rf4 36. Rh3 Bg7 37. b3 Kf8 38. Rxa7 Bxd4 39. Nxd4 Rxd4+ 40. Kc3 1-0

[Event "CAN-op"]
[Site "Edmonton CAN"]
[Date "2005.07.16"]
[Round "9"]
[White "Huber, Gregory"]
[Black "Tang, Edward"]
[Result "1-0"]
[WhiteElo "2310"]
[BlackElo "2022"]
[PlyCount "73"]
[GameId "2160767910902124"]
[EventDate "2005.07.09"]
[EventType "swiss"]
[EventRounds "10"]
[EventCountry "CAN"]
[SourceTitle "CBM 107 Extra"]
[Source "ChessBase"]
[SourceDate "2005.09.01"]
[SourceVersion "1"]
[SourceVersionDate "2005.09.01"]
[SourceQuality "1"]

1. c4 g6 2. g3 Bg7 3. Bg2 e5 4. Nc3 Ne7 5. e4 Nbc6 6. Nge2 d6 7. O-O O-O 8. d3 f5 9. Nd5 Be6 10. Be3 Qd7 11. Qd2 Rf7 12. Rae1 Raf8 13. f3 Nc8 14. b3 Nd8 15. exf5 Bxf5 16. d4 Bh3 17. dxe5 dxe5 18. Nec3 Bxg2 19. Kxg2 Ne6 20. Ne4 Kh8 21. h4 c6 22. Nb4 Nd4 23. Ng5 Rf6 24. Bxd4 exd4 25. Nd3 b6 26. Ne5 Qd6 27. f4 Rf5 28. g4 R5f6 29. Ne4 Qd8 30. Nxf6 Bxf6 31. h5 Bh4 32. hxg6 Bxe1 33. Rxe1 Kg7 34. Nxc6 Qf6 35. Qxd4 hxg6 36. Kg3 Rf7 37. Ne5 1-0